Ideální typy v díle Maxe Webera
Variabilita ideálnych typov v diele Maxa Webera. Interpretácia jeho vlastného výkladu rôznych druhov ideálnych typov. Metóda ideálnych typov je súčasťou Weberovej metodológie "rozumejúcej" sociológie založenej na porozumení subjektívne mieneného zmyslu.
Uložené v:
| Hlavný autor: | |
|---|---|
| Médium: | Kapitola |
| Jazyk: | Czech |
| Predmet: | |
| Tagy: |
Žiadne tagy, Buďte prvý, kto otaguje tento záznam!
|
MARC
| LEADER | 00000naa a2200000 4500 | ||
|---|---|---|---|
| 001 | 0151611 | ||
| 005 | 20231208093538.0 | ||
| 041 | 0 | |a cze | |
| 044 | |a SK | ||
| 245 | 1 | 0 | |a Ideální typy v díle Maxe Webera |c Helena Kubátová |
| 520 | |a Variabilita ideálnych typov v diele Maxa Webera. Interpretácia jeho vlastného výkladu rôznych druhov ideálnych typov. Metóda ideálnych typov je súčasťou Weberovej metodológie "rozumejúcej" sociológie založenej na porozumení subjektívne mieneného zmyslu. | ||
| 610 | 2 | 0 | |a sociológia |
| 610 | 2 | 0 | |a teórie sociologické |
| 610 | 2 | 0 | |a sociológovia |
| 610 | 2 | 0 | |a spoločnosť |
| 610 | 2 | 0 | |a kultúra |
| 610 | 2 | 0 | |a metodológia |
| 610 | 2 | 0 | |a veda |
| 100 | 1 | |a Kubátová, Helena | |